LEADER 00908nam0 2200313 450 001 9910326759203321 005 20190702181134.0 010 $a978-88-6030-425-4 100 $a20190702d2011----km y0itay50 ba 101 0 $aita$cfre 102 $aIT 105 $a 001yy 200 1 $aDiario di un senza fissa dimora$eetnofiction$fMarc Augé 205 $fTraduzione di Maria Gregorio 210 $aMilano$cCortina$d2011 215 $a132 p.$d18 cm 454 0$12001$aJournal d'un SDF$eethnofiction$91555575 610 0 $aPoveri$aSenza fissa dimora 610 0 $aPovertà$aAspetti sociali 676 $a362.5$v22$zita 676 $a305.5692$v22$zita 700 1$aAugé,$bMarc$f<1935- >$0382055 801 0$aIT$bUNINA$gREICAT$2UNIMARC 901 $aBK 912 $a9910326759203321 952 $a362.5 AUG 1$b6276$fBFS 959 $aBFS 996 $aJournal d'un SDF$91555575 997 $aUNINA LEADER 05718nam 2200805Ia 450 001 9910814068803321 005 20240313194047.0 010 $a9781118452493 010 $a1118452496 010 $a9781118452523 010 $a1118452526 010 $a9781299464766 010 $a1299464769 010 $a9781118452509 010 $a111845250X 035 $a(CKB)2550000001019384 035 $a(EBL)1166810 035 $a(OCoLC)843193423 035 $a(SSID)ssj0000855775 035 $a(PQKBManifestationID)11488161 035 $a(PQKBTitleCode)TC0000855775 035 $a(PQKBWorkID)10804717 035 $a(PQKB)11289533 035 $a(MiAaPQ)EBC1166810 035 $a(Au-PeEL)EBL1166810 035 $a(CaPaEBR)ebr10687825 035 $a(CaONFJC)MIL477726 035 $a(PPN)178197750 035 $a(OCoLC)829937165 035 $a(FINmELB)ELB178058 035 $a(Perlego)1002294 035 $a(EXLCZ)992550000001019384 100 $a20130311d2013 uy 0 101 0 $aeng 135 $aur|n|---||||| 181 $ctxt 182 $cc 183 $acr 200 10$aAtlas of benthic foraminifera /$fAnn Holbourn, Andrew S. Henderson, and the trustees of the Natural History Museum 205 $a1st ed. 210 $aChichester, West Sussex ;$aHoboken, NJ $cNatural History Museum$d2013 215 $a1 online resource (656 p.) 300 $aDescription based upon print version of record. 311 08$a9781118389805 311 08$a1118389808 320 $aIncludes bibliographical references and index. 327 $aCover; Title page; Copyright page; Contents; Acknowledgements; Introduction; Atlas of Benthic Foraminifera; Abyssamina poagi Schnitker and Tjalsma, 1980; Abyssamina quadrata Schnitker and Tjalsma, 1980; Alabamina creta (Finlay), 1940; Alabamina dissonata (Cushman and Renz), 1948; Ammoanita ingerlisae Gradstein and Kaminski, 1997; Ammobaculites agglutinans (d'Orbigny), 1846; Ammobaculites jarvisi Cushman and Renz, 1946; Ammobaculoides carpathicus Geroch, 1966; Ammodiscus infimus Franke, 1936; Ammodiscus latus Grzybowski, 1898; Ammodiscus pennyi Cushman and Jarvis, 1928 327 $aAmmodiscus tenuis (Brady), 1881Ammolagena clavata (Jones and Parker), 1860; Amphicoryna scalaris (Batsch), 1791; Annectina biedai Gradstein and Kaminski, 1997; Annectina grzybowskii (Jurkiewicz), 1960; Anomalinella rostrata (Brady), 1881; Anomalinoides capitatus (Gu?mbel), 1868; Anomalinoides globulosus (Chapman and Parr), 1937; Anomalinoides rubiginosus (Cushman), 1926; Anomalinoides semicribratus (Beckmann), 1954; Aragonia aragonensis (Nuttall), 1930; Aragonia velascoensis (Cushman), 1925; Astrononion stelligerum (d'Orbigny), 1839; Bigenerina nodosaria d'Orbigny, 1826 327 $aBolivina decussata Brady, 1881Bolivina huneri Howe, 1939; Bolivinita quadrilatera (Schwager), 1866; Bolivinoides delicatulus Cushman, 1927; Bolivinoides draco (Marsson), 1878; Brizalina alata (Seguenza), 1862; Brizalina aliformis (Cushman), 1926; Brizalina antegressa (Subbotina), 1953; Brizalina subaenariensis var. mexicana (Cushman), 1922; Brizalina subspinescens (Cushman), 1922; Bulbobaculites problematicus (Neagu), 1962; Bulimina aculeata d'Orbigny, 1826; Bulimina alazanensis Cushman, 1927; Bulimina callahani Galloway and Morrey, 1931; Bulimina elongata d'Orbigny, 1846 327 $aBulimina gibba Fornasini, 1902Bulimina glomarchallengeri Tjalsma and Lohmann, 1983; Bulimina impendens Parker and Bermu?dez, 1937; Bulimina jacksonensis Cushman, 1925; Bulimina jarvisi Cushman and Parker, 1936; Bulimina macilenta Cushman and Parker, 1939; Bulimina marginata d'Orbigny, 1826; Bulimina mexicana Cushman, 1922; Bulimina midwayensis Cushman and Parker, 1936; Bulimina rostrata Brady, 1884; Bulimina semicostata Nuttall, 1930; Bulimina taylorensis Cushman and Parker, 1935; Bulimina thanetensis Cushman and Parker, 1947; Bulimina trinitatensis Cushman and Jarvis, 1928 327 $aBulimina tuxpamensis Cole, 1928Bulimina velascoensis (Cushman), 1925; Buliminella beaumonti Cushman and Renz, 1946; Buliminella grata Parker and Bermu?dez, 1937; Buzasina galeata (Brady), 1881; Cancris auriculus (Fichtel and Moll), 1798; Cancris nuttalli (Palmer and Bermu?dez), 1936; Cassidulina teretis Tappan, 1951; Cassidulinoides parkerianus (Brady), 1881; Caudammina excelsa (Dyla?zanka), 1923; Caudammina gigantea (Geroch), 1960; Caudammina ovula (Grzybowski), 1896 emend. Geroch, 1960; Chilostomella oolina Schwager, 1878; Chrysalidinella dimorpha (Brady), 1881 327 $aCibicides lobatulus (Walker and Jacob), 1798 330 $a An up-to-date atlas of an important fossil and living group, with the Natural History Museum. Deep-sea benthic foraminifera have played a central role in biostratigraphic, paleoecological, and paleoceanographical research for over a century. These single-celled marine protists are important because of their geographic ubiquity, distinction morphologies and rapid evolutionary rates, their abundance and diversity deep-sea sediments, and because of their utility as indicators of environmental conditions both at and below the sediment-water interface. In addition, stable isot 606 $aForaminifera 606 $aBenthos 606 $aMarine organisms 615 0$aForaminifera. 615 0$aBenthos. 615 0$aMarine organisms. 676 $a578.77/7 700 $aHolbourn$b Ann E. L$0870778 701 $aHenderson$b Andrew S$0870779 712 02$aNatural History Museum (London, England) 801 0$bMiAaPQ 801 1$bMiAaPQ 801 2$bMiAaPQ 906 $aBOOK 912 $a9910814068803321 996 $aAtlas of benthic foraminifera$91944063 997 $aUNINA LEADER 01657nas 2200421 c 450 001 9910894879003321 005 20260218110751.0 024 7 $aurn:nbn:de:bsz:14-ppn3238729213 035 $a(CKB)3790000000118514 035 $a(DE-599)ZDB2575373-3 035 $a(OCoLC)667894807 035 $a(DE-101)1007285133 035 $a(DE-599)2575373-3 035 $a(EXLCZ)993790000000118514 100 $a20100929b18281829 |y | 101 0 $ager 135 $aur||||||||a|| 181 $ctxt$2rdacontent 182 $cc$2rdamedia 183 $acr$2rdacarrier 200 00$aGemeinnützliche Nachrichten von den neuesten Erfindungen, Fortschritten und Entdeckungen des In- und Auslandes, so wie von der neuesten Literatur und Kritik der Gewerbkunde, für Handwerker, Fabrikanten, Künstler und Oeconomen$fverfaßt u. hrsg. von Friedrich August Wilhelm Netto 210 31$aBerlin$cNatorff$d1828-1829 215 $aOnline-Ressource 517 3 $aGemeinnu?tzliche Nachrichten fu?r Handwerker, Fabrikanten, Ku?nstler, und Oeconomen 517 1 $aInlandes Gewerbekunde O?konomen 608 $aZeitschrift$2gnd-content 676 $a380 676 $a600 676 $a800 686 $a19,2$2ssgn 702 $aNetto$b Friedrich August Wilhelm$f1783-$4edt 801 0$b0014 801 1$bDE-101 801 2$b9999 906 $aJOURNAL 912 $a9910894879003321 996 $aGemeinnu?tzliche Nachrichten von den neuesten Erfindungen, Fortschritten und Entdeckungen des In- und Auslandes, so wie von der neuesten Literatur und Kritik der Gewerbkunde, fu?r Handwerker, Fabrikanten, Ku?nstler und Oeconomen$94261552 997 $aUNINA